Léxico de matemáticas /

Este diccionario contiene definiciones y ejemplos de los términos matemáticos que con mayor frecuencia pueden encontrar los estudiantes de 11 a 16 años. En él se definen más de 500 términos matemáticos y presenta ejemplos e ilustraciones para ayudar a la comprensión de los conceptos.

Сохранить в:
Библиографические подробности
Главный автор: Bolt, Brian (autor)
Другие авторы: Hobbs, David (autor) (autor)
Формат:
Язык:испанский
Опубликовано: Madrid, España : Akal, 2001, c2001
Серии:(Akal/Diccionarios para la Enseñanza ; 3)
Предметы:
Метки: Добавить метку
Нет меток, Требуется 1-ая метка записи!

MARC

LEADER 00000nam^a2200000^a^4500
001 000181379
005 20250521000000.0
009 20260310101929.519
020 |a 84-460-1188-3 
037 |a Acervo ITESO - Biblioteca 
041 |a ESP 
082 |a 510. 3  |b BOL 
100 |a Bolt, Brian  |e (autor) 
245 1 0 |a Léxico de matemáticas /  |c B. Bolt, D. Hobbs ; tr. por Francisco Páez de la Cadena. 
264 4 |a Madrid, España :  |b Akal,  |c 2001, c2001 
300 |a 183 p. 
336 |a texto  |b txt  |2 rdacontenido 
337 |a sin mediación  |b n  |2 rdamedio 
338 |a volumen  |b nc  |2 rdasoporte 
440 1 |a (Akal/Diccionarios para la Enseñanza ;  |v 3) 
500 |a Traducción de: A Mathematical Dictionary for Schools 
520 |a Este diccionario contiene definiciones y ejemplos de los términos matemáticos que con mayor frecuencia pueden encontrar los estudiantes de 11 a 16 años. En él se definen más de 500 términos matemáticos y presenta ejemplos e ilustraciones para ayudar a la comprensión de los conceptos. 
649 |a XX 
650 |a Matemáticas -  |x Enciclopedias y Diccionarios 
650 |a Enciclopedias y Diccionarios 
700 |a Hobbs, David  |e (autor) 
910 |a Fondo General 
920 |a Impresos - Libros 
930 |a Obras de Referencia 
905 |a 102 
901 |a 0500121140  |b IT2  |c REF  |u 20250521 
902 |a https://opac.biblio.iteso.mx/vufind/Record/000181379